Online Catalogue and eLibrary

Developmentrises, and alternative visions (Record no. 2852)

MARC details
000 -LEADER
fixed length control field 00479nam a2200193Ia 4500
005 - DATE AND TIME OF LATEST TRANSACTION
control field 20240528045519.0
008 - FIXED-LENGTH DATA ELEMENTS--GENERAL INFORMATION
fixed length control field 240331s9999 xx 000 0 und d
020 ## - INTERNATIONAL STANDARD BOOK NUMBER
ISBN 0853457174
082 ## - DDC Classification
Item Number - Author Mark DEV
Class No. 338.9
100 ## - MAIN ENTRY--PERSONAL NAME
Personal name Sen. Gita
100 ## - MAIN ENTRY--PERSONAL NAME
Personal name Grown, Caren
245 #0 - TITLE STATEMENT
Title Developmentrises, and alternative visions
260 ## - PUBLICATION, DISTRIBUTION, ETC.
Place of publication, distribution, etc. New York
Name of publisher, distributor, etc. Monthly Review Press
Date of publication, distribution, etc. 1987
300 ## - PHYSICAL DESCRIPTION
Extent (e.g. Volumes, Pages etc.) 116 p .,Women
650 ## - SUBJECT ADDED ENTRY--TOPICAL TERM
Topical term or geographic name entry element Economic
650 ## - SUBJECT ADDED ENTRY--TOPICAL TERM
Topical term or geographic name entry element Political
650 ## - SUBJECT ADDED ENTRY--TOPICAL TERM
Topical term or geographic name entry element Cultural
942 ## - Koha item type (Biblio)
Koha item type Books in Stacks (Lending)
Holdings
Lost status Damaged status Collection code Home library Current library Shelving location Date acquired Full call number Accession Number Item type
    Lending WERC Library WERC Library Social Science Cupboard 03/31/2024 338.9 DEV 157 Books in Stacks (Lending)

© WERC Library